Madi nodu maddina guna (Record no. 95199)
[ view plain ]
| 000 -LEADER | |
|---|---|
| fixed length control field | 00742nam a2200253Ia 4500 |
| 003 - CONTROL NUMBER IDENTIFIER | |
| control field | OSt |
| 005 - DATE AND TIME OF LATEST TRANSACTION | |
| control field | 20260506115558.0 |
| 008 - FIXED-LENGTH DATA ELEMENTS--GENERAL INFORMATION | |
| fixed length control field | 210210b1991 xxu||||| |||| 00| 0 eng d |
| 040 ## - CATALOGING SOURCE | |
| Transcribing agency | AL |
| 041 ## - LANGUAGE CODE | |
| Language code of text/sound track or separate title | Kannada |
| 082 ## - DEWEY DECIMAL CLASSIFICATION NUMBER | |
| Classification number | 615.535K SUNM |
| 100 ## - MAIN ENTRY--PERSONAL NAME | |
| Personal name | SUNDARA (B P) |
| Dates associated with a name | ಸುಂದರ (ಬಿ ಪಿ) |
| 9 (RLIN) | 263367 |
| 245 ## - TITLE STATEMENT | |
| Title | Madi nodu maddina guna |
| Remainder of title | ಮಾಡಿ ನೋಡು ಮದ್ದಿನ ಗುಣ |
| 260 ## - PUBLICATION, DISTRIBUTION, ETC. | |
| Place of publication, distribution, etc. | Bengaluru. |
| Name of publisher, distributor, etc. | Janapada Prakashana, |
| Date of publication, distribution, etc. | 1991 |
| 300 ## - PHYSICAL DESCRIPTION | |
| Extent | 96 |
| 650 ## - SUBJECT ADDED ENTRY--TOPICAL TERM | |
| Topical term or geographic name entry element | nodu |
| 9 (RLIN) | 263368 |
| 650 ## - SUBJECT ADDED ENTRY--TOPICAL TERM | |
| Topical term or geographic name entry element | Madi |
| 9 (RLIN) | 263369 |
| 650 ## - SUBJECT ADDED ENTRY--TOPICAL TERM | |
| Topical term or geographic name entry element | maddina |
| 9 (RLIN) | 263370 |
| 650 ## - SUBJECT ADDED ENTRY--TOPICAL TERM | |
| Topical term or geographic name entry element | guna |
| 9 (RLIN) | 263371 |
| 690 ## - LOCAL SUBJECT ADDED ENTRY--TOPICAL TERM (OCLC, RLIN) | |
| Topical term or geographic name as entry element | Pharmacology |
| 9 (RLIN) | 263372 |
| 700 ## - ADDED ENTRY--PERSONAL NAME | |
| Personal name | RENUKA (B K) |
| 9 (RLIN) | 263373 |
| Dates associated with a name | ರೇಣುಕಾ (ಬಿ ಕೆ) |
| 906 ## - LOCAL DATA ELEMENT F, LDF (RLIN) | |
| a | 045782 |
| 942 ## - ADDED ENTRY ELEMENTS (KOHA) | |
| Source of classification or shelving scheme | Dewey Decimal Classification |
| Koha item type | Book |
| Withdrawn status | Lost status | Damaged status | Not for loan | Collection code | Home library | Current library | Shelving location | Date acquired | Cost, normal purchase price | Total Checkouts | Full call number | Barcode | Date last seen | Price effective from | Koha item type |
|---|---|---|---|---|---|---|---|---|---|---|---|---|---|---|---|
| St Aloysius Library | St Aloysius Library | 02/17/2021 | 9.00 | 615.535K SUNM | 045782 | 02/17/2021 | 02/17/2021 | Book |